TARC :

Bibliographic Details
Corporate Author: BRAC
Format: Book
Language:English
Published: Dhaka : Training and Resource Centre (TARC), BRAC, 1989.
Subjects:
Classic Catalogue: View this record in Classic Catalogue
LEADER 01085nam a22002417a 4500
001 29957
003 BD-DhAAL
005 20260128110831.0
008 150902s1989 bg a|||| |||| 00| 0 eng d
040 |a BD-DhAAL  |c BD-DhAAL 
082 |a 307.1412095492  |2 22 
245 |a TARC :  |k annual report  |g 1988. 
260 |a Dhaka :  |b Training and Resource Centre (TARC), BRAC,  |c 1989. 
300 |a xlii, 29 pages :  |b illustrations ;  |c 34 cm. 
541 |a BRAC  |e 29957 
610 |a BRAC  |9 14368 
650 |a Rural Development  |z Bangladesh.  |9 14369 
710 |a BRAC  |9 14368 
852 |a Ayesha Abed Library  |c BRAC Resource Section 
942 |2 ddc  |c BK 
999 |c 35556  |d 35556 
952 |0 0  |1 0  |2 ddc  |4 0  |6 307_141209549200000_TAR  |7 1  |8 RPT  |9 55924  |a BRACUL  |b BRACUL  |c BRS  |d 2015-09-16  |e BRAC  |l 1  |o 307.1412095492 TAR  |p 3010029957  |r 2025-12-30  |s 2025-03-23  |t 1  |w 2015-09-16  |y BK  |x BRAC ; price not available in register 
952 |0 0  |1 0  |2 ddc  |4 0  |6 307_141209549200000_TAR  |7 1  |8 RPT  |9 55925  |a BRACUL  |b BRACUL  |c BRS  |d 2015-09-16  |e BRAC  |l 0  |o 307.1412095492 TAR  |p 3010029958  |r 2015-09-16  |t 2  |w 2015-09-16  |y BK  |x BRAC ; price not available in register